000 00452nam a22001817a 4500
003 NUST - PNEC
005 20170116181044.0
008 150923b xxu||||| |||| 00| 0 eng d
020 _a0070966079
040 _cLIBRARY
082 _a621.38195 SON
100 _911669
_aSonde, B. S
245 _aData converters
_cB. S Sonde
250 _a-
260 _cc.1974
650 _911667
_aAnalog-to-digital converters
_xMIS, Computers
942 _2ddc
_cBK
999 _c68178
_d68178